ბათუმის შოთა რუსთაველის სახელმწიფო უნივერსიტეტის ბიბლიოთეკა

ზეკარი:ლექსები,მოთხრობები,წერილები. (ბიბ.ჩანაწერი № 41800)

000 -LEADER
fixed length control field 00749nam a2200205Ia 4500
001 - CONTROL NUMBER
control field 8483
003 - CONTROL NUMBER IDENTIFIER
control field GE_BSU
008 - FIXED-LENGTH DATA ELEMENTS--GENERAL INFORMATION
fixed length control field 181216s||||||||xx |||||||||||||| ||und||
040 ## - CATALOGING SOURCE
Transcribing agency GE_BSU
080 ## - UNIVERSAL DECIMAL CLASSIFICATION NUMBER
Universal Decimal Classification number 821.353.1-1+821.353.1-32+821.353.1-92
245 ## - TITLE STATEMENT
Title ზეკარი:ლექსები,მოთხრობები,წერილები.
245 ## - TITLE STATEMENT
Statement of responsibility, etc. შემდ:ჯ.ღვინჯილია;მ.წიკლაური;მხარვ:ს.ცინცაძე.
260 ## - PUBLICATION, DISTRIBUTION, ETC.
Place of publication, distribution, etc. თბილისი.
260 ## - PUBLICATION, DISTRIBUTION, ETC.
Name of publisher, distributor, etc. მერანი.
260 ## - PUBLICATION, DISTRIBUTION, ETC.
Date of publication, distribution, etc. 1979.
300 ## - PHYSICAL DESCRIPTION
Extent 190გვ;26სმ
653 ## - INDEX TERM--UNCONTROLLED
Uncontrolled term ზეკარი
653 ## - INDEX TERM--UNCONTROLLED
Uncontrolled term ლექსები,მოთხრობები,წერილები.
942 ## - ADDED ENTRY ELEMENTS (KOHA)
Koha item type წიგნი
ეგზემპლარები
Withdrawn status Lost status Damaged status Not for loan Date acquired Barcode Date last seen Price effective from Koha item type
        2018-12-17 30931 2018-12-17 2018-12-17 წიგნი
        2018-12-17 30932 2018-12-17 2018-12-17 წიგნი